Aware2-Fall detection, Activity and vital signs monitoring device (Record no. 12681)

000 -LEADER
fixed length control field 00463nam a22001457a 4500
082 ## - DEWEY DECIMAL CLASSIFICATION NUMBER
Classification number BEE-5 WAL
100 ## - MAIN ENTRY--PERSONAL NAME
Personal name Waleed Aslam
9 (RLIN) 92934
245 ## - TITLE STATEMENT
Title Aware2-Fall detection, Activity and vital signs monitoring device
260 ## - PUBLICATION, DISTRIBUTION, ETC.
Place of publication, distribution, etc. Islamabad
Name of publisher, distributor, etc. NUST-SEECS
Date of publication, distribution, etc. 2012
300 ## - PHYSICAL DESCRIPTION
Extent 132p.
500 ## - GENERAL NOTE
General note Supervisors: Dr. Osman Hasan, Muhammad Jameel Nawaz Malik
563 ## - BINDING INFORMATION
Binding note HB
856 ## - ELECTRONIC LOCATION AND ACCESS
Uniform Resource Identifier <a href=" http://10.250.8.41:8080/xmlui/handle/123456789/9167"> http://10.250.8.41:8080/xmlui/handle/123456789/9167</a>
942 ## - ADDED ENTRY ELEMENTS (KOHA)
Koha item type Project Report
Source of classification or shelving scheme
Holdings
Withdrawn status Lost status Source of classification or shelving scheme Damaged status Not for loan Permanent Location Current Location Shelving location Date acquired Total Checkouts Full call number Barcode Date last seen Date last checked out Price effective from Koha item type
WITHDRAWN         Central Library (CL) Central Library (CL) General Stacks 01/26/2014 1 BEE-5 WAL SEECSP01147 06/04/2014 01/26/2014 01/26/2014 Project Report
WITHDRAWN         Central Library (CL) Central Library (CL) Thesis 06/23/2021   621.3 CL-BP-701 06/23/2021   06/23/2021 Thesis
© 2023 Central Library, National University of Sciences and Technology. All Rights Reserved.